000 00626nam a22002177a 4500
999 _c356263
_d356263
001 965874
003 NUST
005 20180312091629.0
008 180312b ||||| |||| 00| 0 eng d
020 _a0860371441
040 _cNUST
082 _a368.00917671
_bSID
100 _aSiddiqi, Muhammad Nejatullah
_910130
245 _aInsurance in an Islamic economy /
_cby Muhammad Nejatuallah Siddiqi
260 _aLondon:
_bThe Islamic Foundation
_c1985
300 _a74 p.
440 _aIslamic economic series-10
_910131
650 _aInsurance law (Islamic law)
_910132
650 _aInsurance
_910133
942 _2ddc
_cBK